000 004290000a22001570004500
003 MACL
005 20160313122539.0
008 160313b xxu||||| |||| 00| 0 eng d
040 _aMACL
_cMACL
041 _aHindi
082 _a920
100 _aमुरारी लाल शर्मा
_945697
245 _aराष्‍ट्र की रश्मियॉ
650 _aAutobiography
_945698
942 _cHIN
_k920
_2ddc
999 _c23968
_d23968